000 00700nam a2200217Ii 4500
003 JO-AjNU
008 230606s9999||||xx |||||||||||||| ||und||
020 _a978-0-19-874284-5
040 _aJO-AjNU
_beng
_erda
_cJO-AjNU
041 _aeng
050 1 4 _aG70.212.B87 2015
100 3 _aBurrough, peter A and Mcdonnell، Rachael A and Lloyd،Christopher D,
_eauthor
_95141
245 0 0 _aPrinciples of geographical information systems
250 _a3 ed
264 3 1 _aNew York : Oxford university press, 2015
300 _a330p
336 _atext
_btxt
_2rdacontent
337 _aunmediated
_bn
_2rdamedia
338 _avolume
_bnc
_2rdacarrier
650 4 _a Geographical information systems
_95142
999 _aE2658
_c2656
_d2656